[Event "Luxembourg-chT 1415"]
[Site "Luxembourg"]
[Date "2014.12.14"]
[Round "5"]
[White "Jeitz, Olivier"]
[Black "Beck, Luc"]
[Result "1-0"]
[WhiteElo "2135"]
[BlackElo "1725"]
[PlyCount "83"]
[EventDate "2014.10.05"]
[EventType "team-tourn"]
[EventRounds "10"]
[EventCountry "LUX"]
[SourceTitle "EXT 2017"]
[Source "ChessBase"]
[SourceDate "2016.10.25"]
[SourceVersion "1"]
[SourceVersionDate "2016.10.25"]
[SourceQuality "1"]

1. c4 Nf6 2. Nf3 e6 3. g3 Nc6 4. Bg2 Bc5 5. 0-0 0-0 6. d4 Be7 7. Nc3 d5 8. b3 Ne4 9. Bb2 f5 10. e3 Bf6 11. Rc1 b6 12. Ba3 Rf7 13. cxd5 exd5 14. Nxe4 fxe4 15. Rxc6 exf3 16. Bxf3 Ba6 17. Re1 Qd7 18. Rc2 Re8 19. Bg4 Qd8 20. Qd2 Be7 21. Bxe7 Qxe7 22. Rc6 Ref8 23. Be6 Bb7 24. Bxf7+ Qxf7 25. Rc2 Qf3 26. Qe2 Qe4 27. Rxc7 Bc8 28. f3 Qg6 29. Qc2 Bf5 30. Qc6 Qh5 31. Qxd5+ Kh8 32. Qe5 Rg8 33. g4 Qh4 34. Rec1 Bxg4 35. fxg4 Qxg4+ 36. Qg3 Qf5 37. Rxa7 Qd3 38. Rac7 h5 39. Qg5 Qe2 40. R7c2 Qf3 41. Rf2 Qh3 42. Rf5 1-0

[Event "Luxembourg-chT 1415"]
[Site "Luxembourg"]
[Date "2014.11.23"]
[Round "4"]
[White "Jeitz, Olivier"]
[Black "Klauner, Theo"]
[Result "1/2-1/2"]
[WhiteElo "2135"]
[BlackElo "2031"]
[PlyCount "42"]
[EventDate "2014.10.05"]
[EventType "team-tourn"]
[EventRounds "10"]
[EventCountry "LUX"]
[SourceTitle "EXT 2017"]
[Source "ChessBase"]
[SourceDate "2016.10.25"]
[SourceVersion "1"]
[SourceVersionDate "2016.10.25"]
[SourceQuality "1"]

1. c4 Nf6 2. Nf3 d5 3. cxd5 Nxd5 4. Nc3 Nxc3 5. bxc3 g6 6. g3 Bg7 7. Bg2 0-0 8. 0-0 c5 9. Qb3 Nc6 10. Rd1 Rb8 11. Qb5 Bxc3 12. Rb1 Bf5 13. d3 Nd4 14. Nxd4 cxd4 15. Bf4 a6 16. Qe5 b5 17. Qxb8 Qxb8 18. Bxb8 Rxb8 19. Bd5 b4 20. Bc4 a5 21. a3 Rb6 1/2-1/2

[Event "London Classic op 4th"]
[Site "London"]
[Date "2012.12.07"]
[Round "7"]
[White "Jeitz, Olivier"]
[Black "Wallace, Paul Anthony"]
[Result "1/2-1/2"]
[WhiteElo "1987"]
[BlackElo "2193"]
[PlyCount "159"]
[EventDate "2012.12.01"]
[EventType "swiss"]
[EventRounds "9"]
[EventCountry "ENG"]
[SourceTitle "CBM 151 Extra"]
[Source "ChessBase"]
[SourceDate "2012.12.18"]
[SourceVersion "1"]
[SourceVersionDate "2012.12.18"]
[SourceQuality "1"]

1. c4 g6 2. g3 Bg7 3. Bg2 Nf6 4. Nf3 0-0 5. 0-0 d6 6. Nc3 Nc6 7. d3 a6 8. Rb1 Rb8 9. b4 b5 10. a3 bxc4 11. dxc4 Bf5 12. Rb3 Qd7 13. Re1 Ng4 14. e4 Be6 15. Nd5 Nce5 16. Nxe5 Nxe5 17. Qe2 c6 18. Ne3 c5 19. Bd2 Rfc8 20. f4 Nc6 21. Qd3 Bh3 22. Rbb1 Bxg2 23. Kxg2 Nd4 24. Rec1 e6 25. Bc3 f5 26. exf5 gxf5 27. Kf2 Qf7 28. Nc2 e5 29. fxe5 dxe5 30. bxc5 Nb3 31. Qd6 Qxc4 32. Ne3 Qxc5 33. Qe6+ Kh8 34. Bb4 Nd4 35. Qd7 Qxc1 36. Rxc1 Rxc1 37. Nxf5 Nxf5 38. Qxf5 Rcc8 39. Kg2 Re8 40. Bc3 Rb3 41. Qf7 Rbb8 42. h4 Rec8 43. Bb4 Rc6 44. h5 Rf6 45. Qc7 Re8 46. Qd7 Rfe6 47. Bd2 h6 48. Bc3 R8e7 49. Qd8+ Kh7 50. g4 e4 51. Bxg7 Kxg7 52. Qd4+ Kh7 53. Qe3 Rg7 54. Kg3 Rf7 55. Kh4 Rg7 56. Qf4 Rge7 57. Qe3 Re5 58. Kg3 Kg7 59. Kh3 R5e6 60. Qd4+ Kf7 61. Qe3 Rf6 62. Kh4 Rc6 63. Qf4+ Rf6 64. Qe3 Ree6 65. Qa7+ Kf8 66. Qc5+ Kf7 67. Qa7+ Re7 68. Qe3 Ke8 69. Qd4 Ree6 70. Qe3 Kd8 71. g5 hxg5+ 72. Kxg5 Kc7 73. Qc3+ Kb7 74. Qb4+ Ka8 75. Qc4 Kb8 76. Qb4+ Kc7 77. Qc5+ Kd8 78. Qd5+ Ke7 79. Qc5+ Kd7 80. Qd4+ 1/2-1/2

[Event "London Classic op 4th"]
[Site "London"]
[Date "2012.12.01"]
[Round "1"]
[White "Jeitz, Olivier"]
[Black "Richardson, John R"]
[Result "1/2-1/2"]
[WhiteElo "1987"]
[BlackElo "2320"]
[PlyCount "43"]
[EventDate "2012.12.01"]
[EventType "swiss"]
[EventRounds "9"]
[EventCountry "ENG"]
[SourceTitle "CBM 151 Extra"]
[Source "ChessBase"]
[SourceDate "2012.12.18"]
[SourceVersion "1"]
[SourceVersionDate "2012.12.18"]
[SourceQuality "1"]

1. c4 e5 2. g3 Nf6 3. Bg2 c6 4. d4 exd4 5. Qxd4 d5 6. Nf3 Be7 7. 0-0 0-0 8. cxd5 cxd5 9. Nc3 Nc6 10. Qa4 Be6 11. Rd1 Qa5 12. Qxa5 Nxa5 13. b3 Nc6 14. Bb2 Rad8 15. Rac1 Rfe8 16. h3 a6 17. e3 h5 18. Ne2 Ne4 19. Ned4 Nxd4 20. Nxd4 Bc8 21. Rc2 Bf6 22. Rdc1 1/2-1/2

[Event "Luxembourg-ch"]
[Site "Luxembourg"]
[Date "1999.04.08"]
[Round "6"]
[White "Jeitz, Olivier"]
[Black "Paulus, Sammy"]
[Result "1/2-1/2"]
[WhiteElo "1822"]
[BlackElo "1971"]
[PlyCount "139"]
[EventDate "1999.04.03"]
[EventType "swiss"]
[EventRounds "9"]
[EventCountry "LUX"]
[SourceTitle "EXT 2005"]
[Source "ChessBase"]
[SourceDate "2004.11.15"]
[SourceVersion "1"]
[SourceVersionDate "2004.11.15"]
[SourceQuality "1"]

1. c4 e6 2. Nf3 d5 3. g3 Nf6 4. Bg2 Be7 5. Nc3 0-0 6. b3 d4 7. Nb5 c5 8. 0-0 Nc6 9. e3 e5 10. exd4 exd4 11. Re1 Bg4 12. d3 a6 13. Na3 Bd6 14. Nc2 h6 15. Rb1 Qd7 16. Qd2 Rfe8 17. Bb2 Rxe1+ 18. Rxe1 Re8 19. Rxe8+ Qxe8 20. b4 b6 21. bxc5 bxc5 22. Ba3 Ne5 23. Nxe5 Qxe5 24. Kf1 Nd7 25. Ne1 Qf5 26. f3 Ne5 27. Qe2 Bh5 28. Kg1 Bg6 29. Bf1 h5 30. Bc1 h4 31. Qe4 Qxe4 32. fxe4 hxg3 33. hxg3 f6 34. Kg2 Bh5 35. Bf4 Nf7 36. Bd2 g5 37. Nf3 Bg4 38. Ba5 Kf8 39. Be2 Ne5 40. Kf2 Bxf3 41. Bxf3 Nxd3+ 42. Kg2 Ne5 43. Bd8 Be7 44. Bc7 Nxc4 45. Be2 Nd2 46. Bxa6 Nxe4 47. a4 Bd6 48. Bd3 Bxc7 49. Bxe4 c4 50. g4 Ke7 51. Bd5 d3 52. Bxc4 d2 53. Be2 Ke6 54. Kf3 f5 55. Ke3 Ba5 56. Kf3 Ke5 57. gxf5 Kxf5 58. Bd1 g4+ 59. Kg3 Bc7+ 60. Kg2 Kf4 61. Be2 Bb6 62. Bd1 Ba5 63. Be2 Bc7 64. Bd1 g3 65. Bh5 Ke4 66. a5 Kd5 67. a6 Kc6 68. Be2 Kb6 69. Kf3 Ka7 70. Kg2 1/2-1/2

[Event "Luxembourg-ch"]
[Site "Luxembourg"]
[Date "1999.04.07"]
[Round "5"]
[White "Risch, Michel"]
[Black "Jeitz, Olivier"]
[Result "1-0"]
[WhiteElo "2030"]
[BlackElo "1822"]
[PlyCount "51"]
[EventDate "1999.04.03"]
[EventType "swiss"]
[EventRounds "9"]
[EventCountry "LUX"]
[SourceTitle "EXT 2005"]
[Source "ChessBase"]
[SourceDate "2004.11.15"]
[SourceVersion "1"]
[SourceVersionDate "2004.11.15"]
[SourceQuality "1"]

1. d4 Nf6 2. c4 g6 3. Nc3 d5 4. cxd5 Nxd5 5. e4 Nxc3 6. bxc3 Bg7 7. Bc4 c5 8. Ne2 Nc6 9. Be3 Qa5 10. 0-0 0-0 11. Rb1 Rd8 12. Rb5 Qc7 13. Rxc5 b6 14. Rd5 Bd7 15. Bf4 Qc8 16. Qd3 a6 17. Bb3 h6 18. Qg3 Kf8 19. Bc7 e6 20. Bxd8 exd5 21. Bxb6 dxe4 22. Qd6+ Kg8 23. Qxg6 Qe8 24. Ng3 Kf8 25. Bc5+ Ne7 26. Qxe4 1-0

[Event "Luxembourg-ch"]
[Site "Luxembourg"]
[Date "1999.04.05"]
[Round "3"]
[White "Weber, Tom"]
[Black "Jeitz, Olivier"]
[Result "1/2-1/2"]
[WhiteElo "2005"]
[BlackElo "1822"]
[PlyCount "30"]
[EventDate "1999.04.03"]
[EventType "swiss"]
[EventRounds "9"]
[EventCountry "LUX"]
[SourceTitle "EXT 2005"]
[Source "ChessBase"]
[SourceDate "2004.11.15"]
[SourceVersion "1"]
[SourceVersionDate "2004.11.15"]
[SourceQuality "1"]

1. e4 d5 2. exd5 Qxd5 3. Nc3 Qa5 4. d4 c6 5. Bc4 Nf6 6. Nf3 Bf5 7. Bd2 Nbd7 8. 0-0 e6 9. Re1 Qc7 10. Bb3 Be7 11. Qe2 h6 12. Ne5 Nxe5 13. dxe5 Nd7 14. Nd1 Rd8 15. Bc3 Bg6 1/2-1/2

[Event "Luxembourg-ch"]
[Site "Luxembourg"]
[Date "1999.04.04"]
[Round "2"]
[White "Jeitz, Olivier"]
[Black "Ackermann, Robert"]
[Result "1/2-1/2"]
[WhiteElo "1822"]
[BlackElo "2036"]
[PlyCount "41"]
[EventDate "1999.04.03"]
[EventType "swiss"]
[EventRounds "9"]
[EventCountry "LUX"]
[SourceTitle "EXT 2005"]
[Source "ChessBase"]
[SourceDate "2004.11.15"]
[SourceVersion "1"]
[SourceVersionDate "2004.11.15"]
[SourceQuality "1"]

1. c4 Nf6 2. g3 e6 3. Bg2 d5 4. Nf3 Be7 5. 0-0 0-0 6. b3 c5 7. e3 b6 8. cxd5 exd5 9. d4 Bb7 10. dxc5 bxc5 11. Nc3 Nbd7 12. Bb2 Rc8 13. Rc1 h6 14. Qe2 Qb6 15. Rfd1 Qe6 16. Qc2 Rfd8 17. Ne2 Bd6 18. Rd2 Bb8 19. Qd1 a6 20. Ne1 Bd6 21. Nd3 1/2-1/2

[Event "Luxembourg-chT 9899 qual"]
[Site "Luxembourg"]
[Date "1999.01.10"]
[Round "6"]
[White "Wealer, Claude"]
[Black "Jeitz, Olivier"]
[Result "0-1"]
[WhiteElo "1740"]
[BlackElo "1815"]
[PlyCount "44"]
[EventDate "1998.01.10"]
[EventType "team"]
[EventRounds "10"]
[EventCountry "LUX"]
[SourceTitle "EXT 2005"]
[Source "ChessBase"]
[SourceDate "2004.11.15"]
[SourceVersion "1"]
[SourceVersionDate "2004.11.15"]
[SourceQuality "1"]

1. e4 d5 2. exd5 Qxd5 3. Nc3 Qa5 4. d4 Nf6 5. Bd2 c6 6. Nf3 Bf5 7. Bc4 Nbd7 8. h3 h6 9. Bb3 e6 10. Qe2 Qc7 11. 0-0-0 Be7 12. g4 Bg6 13. Ne5 Nxe5 14. dxe5 Nd5 15. Nxd5 cxd5 16. Ba4+ Kd8 17. Bf4 Rc8 18. c3 Bb4 19. Qd2 Qa5 20. Bb3 Bxc3 21. bxc3 Qa3+ 22. Qb2 Rxc3+ 0-1

[Event "Luxembourg-chT 9798"]
[Site "Luxembourg"]
[Date "1998.03.22"]
[Round "10"]
[White "Jeitz, Olivier"]
[Black "Simon, Bernard1111"]
[Result "1/2-1/2"]
[WhiteElo "1835"]
[BlackElo "2005"]
[PlyCount "39"]
[EventDate "1997.10.??"]
[EventType "team"]
[EventRounds "10"]
[EventCountry "LUX"]
[SourceTitle "EXT 2005"]
[Source "ChessBase"]
[SourceDate "2004.11.15"]
[SourceVersion "1"]
[SourceVersionDate "2004.11.15"]
[SourceQuality "1"]

1. c4 Nf6 2. Nf3 g6 3. g3 Bg7 4. Bg2 0-0 5. 0-0 d5 6. cxd5 Nxd5 7. Nc3 Nc6 8. Qb3 Nxc3 9. bxc3 b6 10. d4 Bb7 11. Bf4 Re8 12. Ng5 e6 13. Qb5 Na5 14. Bxb7 Nxb7 15. Qc6 Na5 16. Qb5 c6 17. Qb4 e5 18. dxe5 Bxe5 19. Be3 c5 20. Qh4 1/2-1/2

[Event "Luxembourg-chT 9798"]
[Site "Luxembourg"]
[Date "1998.02.01"]
[Round "7"]
[White "Milbers, Paul"]
[Black "Jeitz, Olivier"]
[Result "1/2-1/2"]
[WhiteElo "2080"]
[BlackElo "1825"]
[PlyCount "26"]
[EventDate "1997.10.??"]
[EventType "team"]
[EventRounds "10"]
[EventCountry "LUX"]
[SourceTitle "EXT 2005"]
[Source "ChessBase"]
[SourceDate "2004.11.15"]
[SourceVersion "1"]
[SourceVersionDate "2004.11.15"]
[SourceQuality "1"]

1. e4 c5 2. Nf3 d6 3. d4 cxd4 4. Nxd4 Nf6 5. Nc3 a6 6. a4 e6 7. Be2 Be7 8. 0-0 0-0 9. Bf3 Qc7 10. Be3 Nbd7 11. Qd2 Ne5 12. Be2 Bd7 13. f3 Rac8 1/2-1/2

[Event "LUX-chABC"]
[Site "Dudelange"]
[Date "1997.04.06"]
[Round "9.14"]
[White "Jeitz, Olivier"]
[Black "Paulus, Sammy"]
[Result "1/2-1/2"]
[WhiteElo "1795"]
[BlackElo "1900"]
[PlyCount "28"]
[EventDate "1997.03.29"]
[EventType "swiss"]
[EventRounds "9"]
[EventCountry "LUX"]
[SourceTitle "EXT 2013"]
[Source "ChessBase"]
[SourceDate "2012.11.22"]
[SourceVersion "1"]
[SourceVersionDate "2012.11.22"]
[SourceQuality "1"]

1. c4 e5 2. Nc3 Nf6 3. g3 d5 4. cxd5 Nxd5 5. Bg2 Be6 6. d4 exd4 7. Qxd4 Nc6 8. Qa4 Bb4 9. Bd2 0-0 10. Nf3 Re8 11. 0-0 Nb6 12. Qc2 Bc4 13. Rfe1 h6 14. b3 Be6 1/2-1/2

[Event "LUX-chABC"]
[Site "Dudelange"]
[Date "1997.04.02"]
[Round "5.16"]
[White "Jeitz, Olivier"]
[Black "Spartz, Gaston"]
[Result "1/2-1/2"]
[WhiteElo "1795"]
[BlackElo "1980"]
[PlyCount "28"]
[EventDate "1997.03.29"]
[EventType "swiss"]
[EventRounds "9"]
[EventCountry "LUX"]
[SourceTitle "EXT 2013"]
[Source "ChessBase"]
[SourceDate "2012.11.22"]
[SourceVersion "1"]
[SourceVersionDate "2012.11.22"]
[SourceQuality "1"]

1. c4 g6 2. Nc3 Bg7 3. g3 d6 4. Bg2 c5 5. e3 Nc6 6. Nge2 e5 7. 0-0 Nge7 8. d3 0-0 9. a3 Rb8 10. b4 b6 11. b5 Na5 12. Ra2 Be6 13. Bb2 Qd7 14. Ne4 d5 1/2-1/2

[Event "LUX-chABC"]
[Site "Dudelange"]
[Date "1997.03.30"]
[Round "2.13"]
[White "Jeitz, Olivier"]
[Black "Mertens, Marc"]
[Result "1-0"]
[WhiteElo "1795"]
[BlackElo "2075"]
[PlyCount "124"]
[EventDate "1997.03.29"]
[EventType "swiss"]
[EventRounds "9"]
[EventCountry "LUX"]
[SourceTitle "EXT 2013"]
[Source "ChessBase"]
[SourceDate "2012.11.22"]
[SourceVersion "1"]
[SourceVersionDate "2012.11.22"]
[SourceQuality "1"]

1. c4 Nf6 2. Nc3 g6 3. g3 Bg7 4. Bg2 0-0 5. e3 c6 6. Nge2 d6 7. 0-0 Nbd7 8. Rb1 e5 9. b4 Qc7 10. d3 Re8 11. Bd2 Nf8 12. b5 Bf5 13. Qc2 d5 14. bxc6 bxc6 15. e4 dxe4 16. Nxe4 Ne6 17. Rfd1 Red8 18. Bc3 Rab8 19. Rxb8 Rxb8 20. f3 Qb6+ 21. Kh1 Nd4 22. Nxf6+ Bxf6 23. Qd2 c5 24. Ba1 Bd7 25. Nc3 Bg7 26. Nd5 Qd8 27. Bc3 Bc6 28. Bxd4 cxd4 29. f4 Bh6 30. Qe2 Bxd5 31. Bxd5 exf4 32. gxf4 Bxf4 33. Qg4 Qf6 34. Rf1 g5 35. h4 h6 36. hxg5 hxg5 37. Rf2 Kg7 38. Kg2 Rb1 39. Qd7 a6 40. Qh3 Qg6 41. Be4 Qh6 42. Qxh6+ Kxh6 43. Kf3 Kg7 44. Rg2 Kf6 45. Bd5 Kg6 46. Kg4 f5+ 47. Kf3 Be3 48. Ke2 g4 49. Be6 Rb2+ 50. Kf1 Rxg2 51. Kxg2 Kg5 52. Bd5 a5 53. c5 Bf4 54. c6 Bc7 55. Bb3 f4 56. Bd5 f3+ 57. Kf2 Kf4 58. Be4 g3+ 59. Kg1 Ke3 60. Bf5 g2 61. Bg4 Bg3 62. c7 Bf2+ 1-0

[Event "Luxembourg op"]
[Site "Luxembourg"]
[Date "1996.??.??"]
[Round "7"]
[White "Jeitz, Olivier"]
[Black "Weber, Tom"]
[Result "1/2-1/2"]
[WhiteElo "1790"]
[BlackElo "1635"]
[PlyCount "68"]
[EventDate "1996.??.??"]
[EventType "swiss"]
[EventRounds "9"]
[EventCountry "LUX"]
[SourceTitle "EXT 2005"]
[Source "ChessBase"]
[SourceDate "2004.11.15"]
[SourceVersion "1"]
[SourceVersionDate "2004.11.15"]
[SourceQuality "1"]

1. c4 e5 2. Nc3 Nf6 3. g3 g6 4. Bg2 Bg7 5. d3 d6 6. e3 Nc6 7. Nge2 0-0 8. 0-0 Bf5 9. Rb1 Nb4 10. e4 Be6 11. a3 Nc6 12. b4 Rb8 13. b5 Ne7 14. Qa4 Nd7 15. Rd1 Nc5 16. Qb4 b6 17. a4 a5 18. Qa3 f5 19. exf5 Bxf5 20. Nd5 Nxd5 21. Bxd5+ Kh8 22. Be3 Nd7 23. Rbc1 Nf6 24. Bg2 Ng4 25. d4 Nxe3 26. Qxe3 Qf6 27. d5 Rbe8 28. Re1 Bd7 29. Nc3 Qf5 30. Ne4 Qh5 31. Qe2 Bg4 32. Qe3 Bf3 33. Rc3 Bxg2 34. Kxg2 Rf7 1/2-1/2